000 01400nam a2200253 4500
040 _cNSHS
082 _a297.261
_bARS
100 1 _aMaʼman, Ars̱ilān bin Aḵẖtar
_9130168
245 1 _aAllāh Taʻālā bandoṅ se kitnī muḥabbat karte hain /
_cmuʾallif Ars̱ilān bin Aḵẖtar Maʼman.
246 _aAllah Taala bandon se kitni muhabbat karte hain
246 _aAllah Talah bandon se kitni mahabat karte hain.
260 _aKārāchī:
_bMaktabah Arslān;
_c2003.
300 _a392 pages.
500 _aDC010725
500 _aReligion
520 _a"Allah Ta'ala bandon se kitni mohabbat karte hain" reflects the deep and unconditional love that Allah has for His creation. It shows that no matter how many mistakes people make, Allah is always merciful, forgiving, and kind. His love is far greater than human love—pure, constant, and full of compassion. He provides for us, guides us, and is always ready to forgive when we turn back to Him. This reminds us to be grateful, seek His mercy, and try to follow the right path with faith in His endless love.
546 _aIn Urdu.
650 0 _aGod (Islam)
_xLove
_9130169
650 0 _aAllah
_xWorship and love
_9130170
650 0 _aSufism
_xDoctrines of love (if the book has a mystical/spiritual theme)
_9130171
650 0 _aIslamic theology
_9130172
942 _2ddc
_cBK
999 _c614459
_d614459